Možnosti aplikácie benchmarkingu v organizáciách priemyselného sektora v podmienkach SR
Gespeichert in:
| 1. Verfasser: | |
|---|---|
| Weitere Verfasser: | |
| Format: | Manuskript Buch |
| Sprache: | Slowakisch |
| Schlagworte: | |
| Online-Zugang: | http://is.stuba.sk/zp/portal_zp.pl?podrobnosti=121568 |
| Tags: |
Keine Tags, Fügen Sie das erste Tag hinzu!
|
MARC
| LEADER | 00000ntm a22000003a 4500 | ||
|---|---|---|---|
| 001 | stuzp49584 | ||
| 003 | SK-STU | ||
| 005 | 20150617230329.8 | ||
| 007 | ta | ||
| 008 | 150427s2015----xo-----f-mn---000-0-slo-d | ||
| 040 | |a STU |b slo | ||
| 041 | 0 | |a slo | |
| 100 | 1 | |a Choboda, Marek, |d 1972- |u 020070 |4 aut |U SjF Strojnícka fakulta |T SjF Ústav výrobných systémov, enviromentálnej techniky a manažment kvality |X 51512 |U J0070 |Y 804 |7 A000051512 | |
| 242 | 0 | 1 | |a Application Options benchmarking organizations industrial sector in SR. |y eng |
| 245 | 1 | 0 | |a Možnosti aplikácie benchmarkingu v organizáciách priemyselného sektora v podmienkach SR |
| 650 | 4 | |a benchmarking |2 slo | |
| 650 | 4 | |a zlievarenský priemysel |2 slo | |
| 650 | 4 | |a formovacie zmesi |2 slo | |
| 650 | 4 | |a dotazníkový prieskum |2 slo | |
| 650 | 4 | |a konkurencieschopnosť |2 slo | |
| 650 | 4 | |a kvalita |2 slo | |
| 650 | 4 | |a quality management |2 eng | |
| 650 | 4 | |a benchmarking |2 eng | |
| 650 | 4 | |a founry industry |2 eng | |
| 650 | 4 | |a foundry shape mixture |2 eng | |
| 650 | 4 | |a competitiveness |2 eng | |
| 650 | 4 | |a questionnaire survey |2 eng | |
| 700 | 1 | |a Pokusová, Marcela, |d 1964- |4 ths |X 236 |7 A000000236 | |
| 856 | 4 | |u http://is.stuba.sk/zp/portal_zp.pl?podrobnosti=121568 | |
| SQL | |a stuzp49584 |b DDP |c SLO |d Možnosti aplikácie benchmarkingu v organizáciách priemyselného sektora v podmienkach SR |e 51512 |f Choboda, Marek |g 020070 |h 236 |i Pokusová, Marcela |j 20141104 |k 649 |l 02 |m http://is.stuba.sk/zp/portal_zp.pl?podrobnosti=121568 | ||